Socialismo y guerra civil / (Record no. 172164)

MARC details
000 -LEADER
campo de control de longitud fija 00934nam a22002655i 4500
001 - NÚMERO DE CONTROL
campo de control 172164
003 - IDENTIFICADOR DE NÚMERO DE CONTROL
campo de control ES-MaACL
005 - FECHA Y HORA DE LA ÚLTIMA TRANSACCIÓN
campo de control 20240207215701.0
008 - DATOS DE LONGITUD FIJA--INFORMACIÓN GENERAL
campo de control de longitud fija 090616s1987 sp |||| | spa d
020 ## - NÚMERO INTERNACIONAL ESTÁNDAR DEL LIBRO
Número Internacional Estándar del Libro 84-85691-35-0
080 ## - NÚMERO DE LA CLASIFICACIÓN DECIMAL UNIVERSAL
Número de la Clasificación Decimal Universal 946.0"1936/39"
080 ## - NÚMERO DE LA CLASIFICACIÓN DECIMAL UNIVERSAL
Número de la Clasificación Decimal Universal 329.14(460)"1936/39"
245 00 - MENCIÓN DEL TÍTULO
Título Socialismo y guerra civil /
Mención de responsabilidad, etc. F. Claudín... [et al.] ; coordinado por Santos Juliá.
250 ## - MENCION DE EDICION
Mención de edición 1ª ed.
260 ## - PUBLICACIÓN, DISTRIBUCIÓN, ETC.
Lugar de publicación, distribución, etc. Madrid :
Nombre del editor, distribuidor, etc. Pablo Iglesias,
Fecha de publicación, distribución, etc. 1987.
300 ## - DESCRIPCIÓN FÍSICA
Extensión VI, 395 p. ;
Dimensiones 21 cm.
490 1# - MENCIÓN DE SERIE
Mención de serie Anales de historia de la Fundación Pablo Iglesias ;
Designación de volumen o secuencia 2
650 ## - PUNTO DE ACCESO ADICIONAL DE MATERIA--TÉRMINO DE MATERIA
Término de materia o nombre geográfico como elemento de entrada Socialismo-
Subdivisión geográfica España-
Subdivisión cronológica S.XX.
9 (RLIN) 17157
651 #4 - PUNTO DE ACCESO ADICIONAL DE MATERIA--NOMBRE GEOGRÁFICO
Nombre geográfico España-
Subdivisión general Historia-
Subdivisión cronológica 1936-1939, Guerra civil.
9 (RLIN) 8292
700 1# - ENTRADA AGREGADA--NOMBRE PERSONAL
Nombre de persona Claudín, Fernando.
9 (RLIN) 39089
700 1# - ENTRADA AGREGADA--NOMBRE PERSONAL
Nombre de persona Juliá, Santos,
Fechas asociadas al nombre 1940-2019
9 (RLIN) 67236
830 1# - PUNTO DE ACCESO ADICIONAL DE SERIE-TÍTULO UNIFORME
Título uniforme Anales de historia de la Fundación Pablo Iglesias ;
Designación de volumen o secuencia 2
9 (RLIN) 189054
852 ## - LOCALIZACIÓN
Ubicación ES-MaACL
Número de control de estantería L-11986
Holdings
Estatus retirado Estado de pérdida Estado de daño No para préstamo Biblioteca de origen Biblioteca actual Ubicación en estantería Fecha de adquisición Fuente de adquisición Total de préstamos Signatura topográfica completa Código de barras Visto por última vez Precio de reemplazo Tipo de ítem Koha
        Biblioteca del Ateneo de Madrid Biblioteca del Ateneo de Madrid Depósito 2 16/06/2009     L-11986 1180674 23/02/2023 23/02/2023 Libro impreso